Zambia's Borders Quiz Stats

 Plays Quiz Updated Feb 23, 2016

Also try: Brazil's Borders
Challenge
Share
Tweet
Embed
Score 0/8 Timer 01:00
3 Plays Today
Country % Correct
Zimbabwe
93.1%
Dem. Rep. of the Congo
82.7%
Mozambique
82.5%
Botswana
81.6%
Angola
79%
Namibia
77.7%
Tanzania
77.2%
Malawi
73.6%

You're not logged in!

Compare scores with friends on all Sporcle quizzes.
OR
Log In

You Might Also Like...

Show Comments

Extras

Top Quizzes Today


Score Distribution

Your Account Isn't Verified!

In order to create a playlist on Sporcle, you need to verify the email address you used during registration. Go to your Sporcle Settings to finish the process.

Report this User

Report this user for behavior that violates our Community Guidelines.

Details: